000 00692nam a2200217 4500
001 000014875
005 20200929163921.0
008 700416s1970 nyua b 001 0 eng
010 _a73100804
040 _aDO-SdBNP
_cDLC
_dDLC
050 0 0 _aHM51
_b.L57
100 1 _aLenski, Gerhard Emmanuel,
_d1924-
_933696
245 1 0 _aHuman societies; :
_ba macrolevel introduction to sociology /
_c[by] Gerhard Lenski.
260 _aNew York, :
_bMcGraw-Hill,
_c[1970].
300 _axv, 525 p. :
_billus. ;
_c24 cm.
504 _aIncludes bibliographical references.
650 0 _aSociology.
_933697
650 0 _aSocial evolution.
_933698
910 _aCatalogación por copia / LC
082 0 0 _a301
999 _c14455
_d14455